| 000 | 00792nam a2200277 4500 | ||
|---|---|---|---|
| 001 | 902448 | ||
| 003 | DO-SdBNP | ||
| 005 | 20151202111945.0 | ||
| 007 | 902448 | ||
| 008 | 031209s2003 sp | ||| ||spa | ||
| 016 | 7 | _2BPMSU | |
| 020 | _a8420400246 | ||
| 040 |
_aBPMSU _bspa _cBPMSU |
||
| 041 | 1 | _aspa | |
| 092 |
_a823.914 _bC527a |
||
| 100 | 1 |
_aChevalier, Tracy _d1962- |
|
| 240 | 1 | 4 |
_aThe virgin blue _lEspañol |
| 245 | 1 | 3 |
_aEl azul de la Virgen _cTracy Chevalier ; traducción de José Luis López Muñoz |
| 260 |
_aMadrid : _bAlfaguara, _c2003 |
||
| 300 |
_a350 p.: _c23 cm. |
||
| 650 | _aNOVELA ESTADOUNIDENSE | ||
| 650 | _aLITERATURA ESTADOUNIDENSE | ||
| 700 | 1 | 2 |
_aLópez Muñoz, José López. _etrad. |
| 942 |
_2ddc _cBK |
||
| 956 |
_aVMATEO _210 _320151111 _6BPMSU _800151 |
||
| 999 |
_c8645 _d8645 |
||